Central Library OPAC University of Rajshahi

Problems of art : (Record no. 62180)

MARC details
000 -LEADER
fixed length control field 00635nam a2200229 a 4500
001 - CONTROL NUMBER
control field 62180
003 - CONTROL NUMBER IDENTIFIER
rucl marc code BD-RjUL
005 - DATE AND TIME OF LATEST TRANSACTION
control field 20211209081042.0
008 - FIXED-LENGTH DATA ELEMENTS--GENERAL INFORMATION
fixed length control field 170123s1957 nyu 001 0 eng
035 ## - SYSTEM CONTROL NUMBER
System control number (BD-RjUL) 62305
040 ## - CATALOGING SOURCE
Original cataloging agency BD-RjUL
Transcribing agency BD-RjUL
Language of cataloging eng
041 ## - LANGUAGE CODE
Language code of text/sound track or separate title eng
082 00 - DEWEY DECIMAL CLASSIFICATION NUMBER
Classification number 701
Edition number 23
Author mark and year LAP 1957
100 1# - MAIN ENTRY--PERSONAL NAME
Personal name Langer, Susanne Katherina Knauth
9 (RLIN) 184948
245 10 - TITLE STATEMENT
Title Problems of art :
Remainder of title ten philosophical lectures /
260 ## - PUBLICATION, DISTRIBUTION, ETC. (IMPRINT)
Place of publication, distribution, etc. New York :
Name of publisher, distributor, etc. Scribner,
Date of publication, distribution, etc. C1957
300 ## - PHYSICAL DESCRIPTION
Pagination 184 p. ;
Size 21 cm.
500 ## - GENERAL NOTE
General note Includes Index.
650 #0 - SUBJECT ADDED ENTRY--TOPICAL TERM
Topical term or geographic name as entry element Art
General subdivision Philosophy.
9 (RLIN) 184932
Topical term or geographic name as entry element Aesthetics.
9 (RLIN) 176839
942 ## - ADDED ENTRY ELEMENTS (KOHA)
Source of classification or shelving scheme Dewey Decimal Classification
Koha item type Books
Holdings
Lost status Source of classification or shelving scheme Damaged status Not for loan Collection code Permanent Location Current Location Shelving location Date acquired Source of acquisition Cost, normal purchase price Total Checkouts Full call number Date last seen Copy number Koha item type
  Dewey Decimal Classification   Not For Loan Non-fiction Central Library, University of Rajshahi Central Library, University of Rajshahi Reading Room 09/03/1963 Zeitlinger 18.00   701 LAP 1957 23/01/2017 C-1 Books